| 000 | 01484nam a22002897a 4500 | ||
|---|---|---|---|
| 999 |
_c57032 _d57032 |
||
| 003 | Ge_BSU | ||
| 005 | 20191023125047.0 | ||
| 008 | 191023s2018 ge ||||| |||| 00| 0 geo d | ||
| 020 | _a9789941432927 | ||
| 041 | _ageo | ||
| 080 | _a581.1(075.8) მ-30 | ||
| 100 |
_aმარგველაშვილი, ნინო _94957 |
||
| 245 |
_aმცენარეთა ფიზიოლოგია : _bსახელმძღვანელო ბიოლოგიის პროფილის სტუდ. / _cნინო მარგველაშვილი; რედ. ნანა ჯულაყიძე. |
||
| 250 | _aმე-2 გამ-მა | ||
| 264 |
_aქუთაისი : _bაკ. წერეთლის სახ. უნ-ტის გამ-ბა, _c2018. |
||
| 300 |
_a392 გვ.: _bნახ. ; _c30 სმ. |
||
| 501 | _aგანმართ. ლექსიკონი გვ.: 354-384; შემოკლ. აღნიშვნ. გვ.: 385-386; | ||
| 504 | _aბიბლ.: გვ. 387-388 | ||
| 505 | _gვებ საიტის სურათები გვ.: 389-392 | ||
| 653 | _aბიოლოგია | ||
| 653 | _aმცენარეული უჯრედები | ||
| 653 | _aეკოლოგია | ||
| 653 | _aბიოტექნოლოგია | ||
| 653 | _aქსეროქსი | ||
| 700 |
_aჯულაყიძე, ნინო _eრედაქტორი _94958 |
||
| 942 |
_2udc _cBK |
||